| 000 | 00918cam a2200289 a 4500 | ||
|---|---|---|---|
| 999 |
_c41402 _d41402 |
||
| 001 | 14418512 | ||
| 003 | OSt | ||
| 005 | 20220105122801.0 | ||
| 008 | 060617s2004 ii a i000 0 eng | ||
| 010 | _a 2006561532 | ||
| 025 | _aI-E-2006-561532; 63-90 | ||
| 037 | _bLibrary of Congress -- New Delhi Overseas Office | ||
| 040 |
_aDLC _cDLC |
||
| 042 | _alcode | ||
| 043 | _aa-ii--- | ||
| 050 | 0 | 0 |
_aHV8248 _b.P65 2004 |
| 082 |
_a363.20954 _bJOS/P |
||
| 245 | 0 | 0 | _aPolice organisation in India. |
| 260 |
_aNew Delhi : _bCommonwealth Human Rights Initiative, _c2004. |
||
| 300 |
_a56 p. : _bill. ; _c24 cm. |
||
| 500 | _aCover title. | ||
| 650 | 0 |
_aPolice administration _zIndia. |
|
| 710 | 2 | _aCommonwealth Human Rights Initiative. | |
| 906 |
_a7 _bcbc _corigode _d3 _encip _f20 _gy-gencatlg |
||
| 942 |
_2ddc _cBK _h363.20954 _iJOS/P _k363.20954 _mJOS/P |
||